[Event "XXIV ECC"]
[Site "Kallithea GRE"]
[Date "2008.10.19"]
[Round "3"]
[White "Gelfand, B."]
[Black "Timofeev, Arty"]
[Result "1/2-1/2"]
[WhiteElo "2719"]
[BlackElo "2670"]
[PlyCount "47"]
[EventDate "2008.10.17"]
[Source "www.chesslib.no"]
[SourceDate "2004.05.04"]

1. Nf3 c5 2. c4 g6 3. d4 cxd4 4. Nxd4 Nc6 5. e4 Bg7 6. Be3 d6 7. Nc3 Nf6 8. Be2 O-O 9. O-O Nxd4 10. Bxd4 Bd7 11. Qd2 Bc6 12. f3 a5 13. b3 Nd7 14. Be3 Nc5 15. Rab1 Qb6 16. Rfc1 Qb4 17. Rc2 Rfc8 18. Qc1 Qb6 19. Bf1 h5 20. Kh1 Kh7 21. Ne2 Qd8 22. Nd4 Bd7 23. Qd2 Qf8 24. Bg1 1/2-1/2

[Event "XXII Rapid"]
[Site "Villarrobledo SPA"]
[Date "2007.08.05"]
[Round "7"]
[White "Ivanchuk, V."]
[Black "Evdokimov, Alexa"]
[Result "1/2-1/2"]
[WhiteElo "2762"]
[BlackElo "2544"]
[PlyCount "92"]
[EventDate "2007.08.04"]
[Source "www.chesslib.no"]
[SourceDate "2004.05.04"]

1. e4 c5 2. Nf3 Nc6 3. d4 cxd4 4. Nxd4 g6 5. c4 Bg7 6. Be3 Nf6 7. Nc3 d6 8. Be2 O-O 9. O-O Nxd4 10. Bxd4 a5 11. Re1 Bd7 12. Nd5 Nxd5 13. exd5 Bxd4 14. Qxd4 Re8 15. Rac1 e5 16. dxe6 Rxe6 17. Bf1 Qc7 18. Rcd1 Rxe1 19. Rxe1 Qc5 20. Rd1 Qxd4 21. Rxd4 Ra6 22. f3 Rb6 23. Rd2 Be6 24. Kf2 Rb4 25. Be2 Kf8 26. g4 h6 27. Rc2 g5 28. Ke3 d5 29. b3 a4 30. Kd4 axb3 31. axb3 dxc4 32. Bxc4 Bxc4 33. bxc4 b5 34. Kc5 Rxc4+ 35. Rxc4 bxc4 36. Kxc4 h5 37. gxh5 Kg7 38. Kd5 Kh6 39. Ke5 Kxh5 40. Kf5 Kh4 41. Kf6 g4 42. f4 g3 43. hxg3+ Kxg3 44. Kg5 Kf3 45. f5 Ke4 46. Kf6 Kf4 1/2-1/2

[Event "PCA/Intel-GP"]
[Site "London"]
[Date "1994.??.??"]
[Round "1"]
[White "Kramnik, Vladimir"]
[Black "Adianto, Utut"]
[Result "1/2-1/2"]
[WhiteElo "2725"]
[BlackElo "2520"]
[PlyCount "137"]
[EventDate "1994.08.??"]
[Source "ChessBase"]

1. Nf3 c5 2. c4 g6 3. e4 Nc6 4. d4 cxd4 5. Nxd4 Bg7 6. Be3 Nf6 7. Nc3 d6 8. Be2 O-O 9. O-O Bd7 10. Qd2 Ng4 11. Bxg4 Bxg4 12. f3 Bd7 13. Rac1 Re8 14. Rfd1 Ne5 15. b3 a6 16. a4 Nc6 17. Nd5 Rb8 18. Ne2 b5 19. axb5 axb5 20. c5 dxc5 21. Rxc5 Rb7 22. Qc2 Qa8 23. Rxc6 Bxc6 24. Qxc6 Rc8 25. Nb6 Rxc6 26. Nxa8 Rb8 27. Nb6 Rcxb6 28. Bxb6 Rxb6 29. Rd8+ Bf8 30. Nc3 e6 31. e5 Kg7 32. Ne4 Rb7 33. Nf6 Be7 34. Rg8+ Kh6 35. Ne4 Rd7 36. Kf2 Rd5 37. f4 Rd4 38. Ke3 Rb4 39. Nd2 Bc5+ 40. Kf3 Be7 41. g3 g5 42. Re8 Bc5 43. fxg5+ Kg6 44. g4 Kg7 45. h4 Bd4 46. h5 h6 47. g6 fxg6 48. Rxe6 gxh5 49. gxh5 Bc3 50. Ne4 Rxb3 51. Kf4 Bb2 52. Rg6+ Kf8 53. Nf6 Kf7 54. Nd5 Bc1+ 55. Kf5 Ba3 56. e6+ Kf8 57. Rxh6 Rf3+ 58. Ke4 Rf1 59. Rh7 Re1+ 60. Kf5 Rf1+ 61. Kg4 Rg1+ 62. Kf3 Rf1+ 63. Ke2 Rf5 64. Nc7 Bd6 65. h6 Re5+ 66. Kd3 Kg8 67. Rg7+ Kh8 68. Rd7 Bxc7 69. Rxc7 1/2-1/2

[Event "Groningen"]
[Site "Groningen"]
[Date "1994.??.??"]
[Round "1"]
[White "Gulko, Boris F"]
[Black "Jussupow, Artur"]
[Result "1/2-1/2"]
[WhiteElo "2590"]
[BlackElo "2655"]
[PlyCount "43"]
[EventDate "1994.12.??"]
[Source "ChessBase"]

1. c4 Nf6 2. Nc3 c5 3. Nf3 Nc6 4. d4 cxd4 5. Nxd4 g6 6. e4 Bg7 7. Be3 O-O 8. Be2 b6 9. O-O Bb7 10. f3 Nh5 11. Rc1 Nf4 12. Rf2 Nxd4 13. Bxd4 Bh6 14. Rc2 Ne6 15. Bf1 Rc8 16. Nd5 Nxd4 17. Qxd4 e5 18. Qd3 Bxd5 19. cxd5 Qg5 20. Rfe2 Rfd8 21. g3 Bf8 22. Bh3 1/2-1/2

[Event "Bundesliga 0102"]
[Site "Germany"]
[Date "2002.04.27"]
[Round "14.1"]
[White "Lutz, Christopher"]
[Black "Hickl, Joerg"]
[Result "1/2-1/2"]
[WhiteElo "2643"]
[BlackElo "2600"]
[PlyCount "65"]
[EventDate "2001.10.??"]
[Source "ChessBase"]
[SourceDate "2002.08.12"]

1. e4 g6 2. d4 Bg7 3. c4 c5 4. Nf3 cxd4 5. Nxd4 Nc6 6. Be3 Nf6 7. Nc3 O-O 8. Be2 b6 9. O-O Bb7 10. Nxc6 Bxc6 11. f3 Ne8 12. Rc1 f5 13. exf5 gxf5 14. Qd2 Rf7 15. b4 e6 16. a4 Qh4 17. Qe1 Qh5 18. f4 Qh6 19. Bf3 Nf6 20. Bxc6 dxc6 21. h3 Rd8 22. Rd1 Rxd1 23. Qxd1 Rd7 24. Qc2 Bf8 25. b5 c5 26. Rd1 Qh4 27. Kf1 Rxd1+ 28. Qxd1 Ne8 29. Qd7 Qe7 30. Qxe7 Bxe7 31. Ke2 Kf7 32. Kd3 Nf6 33. Bd2 1/2-1/2

[Event "Brussels+"]
[Site "Brussels"]
[Date "1987.04.10"]
[Round "?"]
[White "Huebner, Robert"]
[Black "Ljubojevic, Ljubomir"]
[Result "1/2-1/2"]
[WhiteElo "2615"]
[BlackElo "2620"]
[PlyCount "26"]
[EventDate "1987.04.??"]
[Source "ChessBase"]

1. e4 c5 2. Nf3 g6 3. d4 cxd4 4. Nxd4 Bg7 5. c4 Nc6 6. Be3 d6 7. Nc3 Nh6 8. h3 f5 9. Bxh6 Bxd4 10. Bd3 Qb6 11. Qe2 Ne5 12. O-O Bxc3 13. bxc3 Qc6 1/2-1/2

[Event "Open"]
[Site "Mosca RUS"]
[Date "2007.02.03"]
[Round "8"]
[White "Vorobiov, E."]
[Black "Malakhov, V."]
[Result "1/2-1/2"]
[WhiteElo "2563"]
[BlackElo "2663"]
[PlyCount "44"]
[EventDate "2007.01.27"]
[Source "www.chesslib.no"]
[SourceDate "2004.05.04"]

1. e4 c5 2. Nf3 Nc6 3. d4 cxd4 4. Nxd4 g6 5. c4 Nf6 6. Nc3 d6 7. Be2 Bg7 8. Be3 O-O 9. O-O Nxd4 10. Bxd4 Bd7 11. Qd2 Bc6 12. Be3 Nd7 13. f3 a5 14. b3 Nc5 15. Rab1 Qb8 16. Rfd1 b6 17. Bf1 Qb7 18. Nd5 Rfe8 19. a3 e6 20. Nc3 Red8 21. b4 axb4 22. Bd4 Na4 1/2-1/2

[Event "Moscow 87/139"]
[Site "?"]
[Date "2003.??.??"]
[Round "?"]
[White "Timoshenko, G."]
[Black "Malakhov, V."]
[Result "1/2-1/2"]
[WhiteElo "2539"]
[BlackElo "2677"]
[PlyCount "85"]
[EventDate "2003.??.??"]
[Source "Chess Informant"]
[SourceDate "2003.02.01"]

1. e4 c5 2. Nf3 Nc6 3. d4 cxd4 4. Nxd4 g6 5. c4 Bg7 6. Be3 Nf6 7. Nc3 d6 8. Be2 O-O 9. O-O Bd7 10. Qd2 Nxd4 11. Bxd4 Bc6 12. Bd3 e6 13. Rad1 Qc7 14. Rfe1 Rad8 15. Bf1 b6 16. f3 Rfe8 17. b4 e5 18. Be3 Nh5 19. b5 Ba8 20. Nd5 Bxd5 21. cxd5 f5 22. Rc1 Qf7 23. a4 Bf6 24. Bf2 Rf8 25. a5 bxa5 26. Qxa5 Rd7 27. Rc6 fxe4 28. fxe4 Bd8 29. Qa2 Nf6 30. g3 Ng4 31. Bh3 h5 32. Qe2 Qf6 33. Be3 Qf3 34. Qxf3 Rxf3 35. Bxg4 hxg4 36. Kg2 Bb6 37. Bxb6 axb6 38. Rxb6 Rb3 39. Re2 Kg7 40. Rb8 Kh6 41. b6 Kg5 42. Rf2 Rb4 43. Re2 1/2-1/2

[Event "Camp. francese a squadre - Top 16 GpB"]
[Site "Chalons en Champagne FRA"]
[Date "2007.02.10"]
[Round "2"]
[White "Korneev, O."]
[Black "Bauer, Ch"]
[Result "1/2-1/2"]
[WhiteElo "2606"]
[BlackElo "2609"]
[PlyCount "53"]
[EventDate "2007.02.09"]
[Source "www.chesslib.no"]
[SourceDate "2004.05.04"]

1. e4 c5 2. Nf3 Nc6 3. d4 cxd4 4. Nxd4 g6 5. c4 Bg7 6. Be3 Nf6 7. Nc3 d6 8. Be2 O-O 9. O-O Bd7 10. Qd2 Nxd4 11. Bxd4 Bc6 12. f3 a5 13. b3 Nd7 14. Be3 Nc5 15. Rab1 e6 16. Rfd1 Be5 17. Qe1 Qe7 18. Nb5 Rfd8 19. Nd4 Be8 20. Bf1 b6 21. Kh1 Qf6 22. Ne2 Qe7 23. Nd4 Qf6 24. Rd2 h5 25. Rbd1 Rac8 26. Qf2 d5 27. exd5 1/2-1/2

[Event "NED-ch"]
[Site "Leeuwarden"]
[Date "2004.07.05"]
[Round "5"]
[White "Van den Doel, Erik"]
[Black "Tiviakov, Sergei"]
[Result "1/2-1/2"]
[WhiteElo "2599"]
[BlackElo "2593"]
[PlyCount "23"]
[EventDate "2004.06.30"]
[SourceDate "2004.07.13"]

1. e4 c5 2. Nf3 Nc6 3. d4 cxd4 4. Nxd4 g6 5. c4 Nf6 6. Nc3 d6 7. Be2 Bg7 8. Be3 O-O 9. O-O Nxd4 10. Bxd4 Bd7 11. Qd3 a5 12. Nd5 1/2-1/2

[Event "Wijk aan Zee II"]
[Site "Wijk aan Zee"]
[Date "2004.??.??"]
[Round "?"]
[White "Hamdouchi, H."]
[Black "Tiviakov, S."]
[Result "0-1"]
[WhiteElo "2588"]
[BlackElo "2600"]
[PlyCount "56"]
[EventDate "2004.??.??"]
[Source "Chess Informant"]
[SourceDate "2003.10.01"]

1. e4 c5 2. Nf3 Nc6 3. d4 cxd4 4. Nxd4 g6 5. c4 Nf6 6. Nc3 d6 7. Be2 Bg7 8. Be3 O-O 9. O-O Nxd4 10. Bxd4 Bd7 11. Qd2 Bc6 12. Bd3 a5 13. Rae1 a4 14. Nd5 Nd7 15. Bxg7 Kxg7 16. Re3 e5 17. Rh3 h5 18. Ne3 Nc5 19. f4 Bxe4 20. f5 Nxd3 21. f6+ Kh7 22. Ng4 Qb6+ 23. Kh1 Bxg2+ 24. Qxg2 Nf4 25. Rxf4 exf4 26. Rxh5+ gxh5 27. Qe4+ Kg8 28. Ne3 Qxb2 0-1

[Event "Wijk aan Zee II"]
[Site "Wijk aan Zee"]
[Date "2004.??.??"]
[Round "?"]
[White "Nijboer, F."]
[Black "Tiviakov, S."]
[Result "0-1"]
[WhiteElo "2586"]
[BlackElo "2600"]
[PlyCount "122"]
[EventDate "2004.??.??"]
[Source "Chess Informant"]
[SourceDate "2003.10.01"]

1. e4 c5 2. Nf3 Nc6 3. d4 cxd4 4. Nxd4 g6 5. c4 Nf6 6. Nc3 d6 7. Be2 Bg7 8. Be3 O-O 9. O-O Nxd4 10. Bxd4 Bd7 11. Qd2 Bc6 12. f3 a5 13. b3 Nd7 14. Bf2 Nc5 15. Rab1 Qb6 16. a3 Qd8 17. Rfd1 b6 18. Bf1 Re8 19. Qe3 Rb8 20. Ne2 Bd7 21. Nd4 Ne6 22. Nb5 Qc8 23. b4 axb4 24. axb4 Rd8 25. Nc3 Nc7 26. Rdc1 Qb7 27. Be2 b5 28. c5 dxc5 29. Qxc5 e6 30. Nd1 Na6 31. Qg5 Be8 32. Ne3 h6 33. Qh4 Rd2 34. Re1 f5 35. exf5 exf5 36. f4 Bc6 37. Qg3 Kh7 38. Nf1 Rc2 39. Bd3 Rc3 40. Re3 Qf7 41. Be2 Rxe3 42. Qxe3 Qa2 43. Bd3 Qd5 44. Qg3 Rd8 45. Bc2 Qa2 46. Rc1 Nxb4 47. Bb1 Qb2 48. Re1 Re8 49. Rd1 Nd5 50. Bd3 Nc3 51. Rd2 Qa1 52. h4 Be4 53. h5 gxh5 54. Kh2 b4 55. Ne3 Rf8 56. Bc4 h4 57. Qxh4 Qa4 58. Rd6 b3 59. Qg3 b2 60. Qg6+ Kh8 61. Bh4 Qe8 0-1

[Event "Romania 81/131"]
[Site "?"]
[Date "2001.??.??"]
[Round "?"]
[White "Marin, Mihail"]
[Black "Istratescu, A."]
[Result "1-0"]
[WhiteElo "2604"]
[BlackElo "2582"]
[PlyCount "107"]
[EventDate "2001.??.??"]
[Source "Chess Informant"]
[SourceDate "2001.02.01"]

1. c4 c5 2. Nf3 Nc6 3. d4 cxd4 4. Nxd4 g6 5. e4 Bg7 6. Be3 d6 7. Nc3 Nh6 8. Be2 O-O 9. O-O f5 10. exf5 Bxd4 11. Bxh6 Rxf5 12. Qd2 Qa5 13. Rab1 Rf7 14. b4 Qf5 15. Bf3 Be5 16. Ne2 Be6 17. b5 Nd8 18. c5 dxc5 19. Rbd1 Bd6 20. Ng3 Qe5 21. Rfe1 Qd4 22. Ne4 Qxd2 23. Rxd2 Rxf3 24. gxf3 Bd7 25. Nxd6 exd6 26. Re7 Bxb5 27. Rg7+ Kh8 28. Rxd6 Bc4 29. Rdd7 Ne6 30. Rxh7+ Kg8 31. Bc1 Rd8 32. Rhg7+ Kf8 33. Rgf7+ Kg8 34. Rg7+ Kf8 35. Bh6 Rxd7 36. Rxd7+ Ke8 37. Rxb7 Bxa2 38. Rxa7 Bd5 39. f4 c4 40. f5 gxf5 41. Bg7 Nf4 42. Kf1 Be4 43. Ke1 Nh3 44. Ke2 f4 45. Bf6 Kf8 46. Rg7 Bd5 47. Be5 Be6 48. f3 Bd5 49. Rg4 Be6 50. Rh4 Bf5 51. Ke1 Kf7 52. Bxf4 c3 53. Be3 Ke6 54. Kf1 1-0

[Event "Istanbul ol (Men)"]
[Site "Istanbul"]
[Date "2000.10.29"]
[Round "2"]
[White "Adams, Michael"]
[Black "Gonzalez, Bernal M"]
[Result "1-0"]
[WhiteElo "2755"]
[BlackElo "2428"]
[PlyCount "125"]
[EventDate "2000.10.??"]
[Source "www.chesslib.no"]
[SourceDate "2004.05.04"]

1. e4 c5 2. Nf3 Nc6 3. d4 cxd4 4. Nxd4 g6 5. c4 Bg7 6. Be3 Nf6 7. Nc3 O-O 8. Be2 d6 9. O-O Bd7 10. Re1 Nxd4 11. Bxd4 Bc6 12. Bd3 a5 13. Qd2 Nd7 14. Bxg7 Kxg7 15. Re3 h6 16. Be2 a4 17. h4 Qa5 18. h5 g5 19. Rf1 Qe5 20. Nd5 a3 21. bxa3 e6 22. g3 Kh8 23. Kh2 g4 24. Nb4 Nf6 25. Nxc6 bxc6 26. Qd1 Nxe4 27. Kg1 f5 28. Bd3 d5 29. cxd5 exd5 30. Bxe4 fxe4 31. Qxg4 Ra7 32. Rc1 Qb2 33. Rf1 Rg7 34. Qd1 Qe5 35. Qc2 Rf6 36. a4 Re7 37. Rfe1 Qd6 38. Qb2 Kh7 39. a5 c5 40. Rb3 d4 41. Rb6 Qe5 42. Rxe4 Qxe4 43. Rxf6 Qe1+ 44. Kh2 Qe2 45. Qb3 Qxh5+ 46. Kg2 Re1 47. Qf7+ Qxf7 48. Rxf7+ Kg6 49. Rd7 Kf5 50. Rd5+ Ke4 51. Rxc5 Re2 52. a4 Ra2 53. a6 Rxa4 54. f3+ Ke3 55. Re5+ Kd2 56. Re6 h5 57. f4 Ra5 58. Kf3 d3 59. Rd6 Kc2 60. Ke3 Ra3 61. Rd5 Rxa6 62. Rc5+ Kd1 63. Kxd3 1-0

[Event "Europe vs Americas"]
[Site "Mermaid Beach"]
[Date "1998.01.26"]
[Round "1"]
[White "Shabalov, Alexander"]
[Black "Georgiev, Vladimir"]
[Result "0-1"]
[WhiteElo "2615"]
[BlackElo "2565"]
[PlyCount "76"]
[EventDate "1998.01.26"]
[Source "ChessBase"]
[SourceDate "1998.03.09"]

1. e4 c5 2. Nf3 Nc6 3. d4 cxd4 4. Nxd4 g6 5. c4 Bg7 6. Be3 d6 7. Nc3 Nh6 8. h3 f5 9. c5 Bxd4 10. Bxd4 e5 11. Be3 f4 12. Bd2 dxc5 13. g3 O-O 14. gxf4 exf4 15. Bc4+ Kg7 16. Ne2 Nf7 17. Bc3+ Nfe5 18. Qxd8 Rxd8 19. Bd5 Kh6 20. O-O-O f3 21. Nf4 Nd4 22. Kb1 g5 23. b4 gxf4 24. bxc5 Ndc6 25. Rhg1 Rb8 26. Kc2 Re8 27. h4 Ng4 28. Bf7 Rd8 29. Rxd8 Nxd8 30. Bd5 Kh5 31. Rb1 Bd7 32. Ba5 Ne6 33. c6 Nd4+ 34. Kc3 Nxc6 35. Bf7+ Kh6 36. Bc7 Rf8 37. Bd5 b6 38. Rb5 Ne7 0-1

[Event "Hoogovens"]
[Site "Wijk aan Zee"]
[Date "1990.??.??"]
[Round "10"]
[White "Kortschnoj, Viktor"]
[Black "Anand, Viswanathan"]
[Result "1/2-1/2"]
[WhiteElo "2625"]
[BlackElo "2555"]
[PlyCount "55"]
[EventDate "1990.01.??"]
[Source "ChessBase"]

1. c4 c5 2. Nf3 Nc6 3. d4 cxd4 4. Nxd4 g6 5. e4 Bg7 6. Be3 Nf6 7. Nc3 d6 8. Be2 O-O 9. O-O Bd7 10. Nb3 a5 11. Nd2 Bc8 12. Rc1 Nd7 13. Nb3 b6 14. Nd4 Nxd4 15. Bxd4 Bh6 16. f4 Bb7 17. Be3 Nc5 18. b3 Nxe4 19. Nxe4 Bxe4 20. Qd4 Bc6 21. f5 Bg7 22. Qxb6 Qd7 23. fxg6 hxg6 24. Bg5 a4 25. Qe3 axb3 26. axb3 Ra2 27. Rf2 Qe6 28. Bf3 1/2-1/2

[Event "LXI Lega superiore camp. russo"]
[Site "Novokuznetsk RUS"]
[Date "2008.09.10"]
[Round "7"]
[White "Lysyj, I."]
[Black "Kokarev, Dm"]
[Result "1/2-1/2"]
[WhiteElo "2596"]
[BlackElo "2582"]
[PlyCount "157"]
[EventDate "2008.09.03"]
[Source "www.chesslib.no"]
[SourceDate "2004.05.04"]

1. d4 Nf6 2. c4 g6 3. Nc3 Bg7 4. e4 O-O 5. Be3 d6 6. h3 c5 7. Nf3 cxd4 8. Nxd4 Nc6 9. Be2 Nxd4 10. Bxd4 Bd7 11. O-O Bc6 12. Qd3 a5 13. Rad1 Nd7 14. Bxg7 Kxg7 15. Qd4+ Kg8 16. f4 Qb6 17. Qxb6 Nxb6 18. b3 Rfd8 19. Kf2 Nd7 20. Ke3 Nc5 21. g4 h6 22. h4 Kg7 23. Rf2 Rh8 24. Nd5 Rae8 25. Bf3 g5 26. Nc3 gxf4+ 27. Kxf4 Nd7 28. Rg1 Ne5 29. Ke3 a4 30. Bd1 Ra8 31. Kd2 axb3 32. axb3 Ra1 33. Kc2 Rha8 34. Rff1 e6 35. g5 hxg5 36. Rxg5+ Kf8 37. Rgg1 Ke7 38. h5 Rh8 39. Rg5 Nd7 40. Kb2 Raa8 41. Rfg1 Nc5 42. Bc2 b6 43. b4 Nd7 44. Bd1 Ne5 45. Be2 Nd7 46. Kb3 Ne5 47. Rg7 Nd7 48. Rf1 Ne5 49. b5 Bb7 50. Kb4 Rag8 51. Rxg8 Rxg8 52. Ra1 Kd7 53. Rh1 Rg2 54. h6 Rg8 55. Kb3 f5 56. Rh4 fxe4 57. Na4 Kc7 58. Kc3 Rh8 59. Rh5 Rh7 60. c5 bxc5 61. Nxc5 Bd5 62. Na6+ Kb6 63. Nb4 Bb7 64. Nc2 Nf7 65. Bg4 Bd5 66. Ne3 Rxh6 67. Nxd5+ exd5 68. Rxd5 Ne5 69. Be2 Nd7 70. Kd4 Nc5 71. Bc4 Kc7 72. Rf5 Rh1 73. Rf7+ Kb6 74. Rf6 Rd1+ 75. Ke3 Kc7 76. Rf7+ Kb6 77. Rf6 Kc7 78. Rf7+ Kb6 79. Rf6 1/2-1/2

[Event "15. European Team Championship"]
[Site "?"]
[Date "2005.08.02"]
[Round "4.4"]
[White "Nevednichy Vladislav"]
[Black "Gashimov Vugar"]
[Result "1/2-1/2"]
[WhiteElo "2583"]
[BlackElo "2594"]
[PlyCount "123"]
[EventDate "2005.??.??"]
[Source "www.chesslib.no"]
[SourceDate "2004.05.04"]

1. e4 c5 2. Nf3 g6 3. c4 Bg7 4. d4 cxd4 5. Nxd4 Nc6 6. Be3 Nf6 7. Nc3 O-O 8. Be2 b6 9. O-O Bb7 10. f3 e6 11. Qd2 d5 12. Nxc6 Bxc6 13. cxd5 exd5 14. e5 Ne8 15. f4 f6 16. exf6 Nxf6 17. Rad1 Qe7 18. Bd4 Rad8 19. Bf3 Ne4 20. Qe3 Bxd4 21. Rxd4 Qf6 22. Rfd1 Rde8 23. Nxd5 Bxd5 24. Rxd5 Qxf4 25. Qxf4 Rxf4 26. Re1 Nf6 27. Rxe8+ Nxe8 28. Rd8 Rf8 29. Bd5+ Kg7 30. Rd7+ Kh6 31. Rxa7 Rf5 32. Bf3 Rc5 33. b4 Rc2 34. a4 Rb2 35. b5 Nd6 36. h4 Rb4 37. g4 g5 38. Re7 Nc4 39. h5 Nd2 40. Re6+ Kg7 41. Be2 Rxa4 42. Rxb6 Re4 43. Rb7+ Kf6 44. Kf2 Re5 45. Rxh7 Ne4+ 46. Kg2 Nd6 47. Bf1 Nxb5 48. Rd7 Nc3 49. h6 Ne2 50. Kf3 Nf4 51. Bc4 Re1 52. Rd6+ Ke5 53. Ra6 Kd4 54. h7 Rh1 55. Bg8 Rh3+ 56. Kf2 Rh2+ 57. Kf1 Rh1+ 58. Kf2 Rh2+ 59. Kg1 Rh4 60. Kf2 Rh2+ 61. Kg1 Rh4 62. Kf2 1/2-1/2

[Event "Campionato europeo 2007"]
[Site "Dresda GER"]
[Date "2007.04.08"]
[Round "6.51"]
[White "Miroshnichenko, Evgenij"]
[Black "Evdokimov, Alexander"]
[Result "1/2-1/2"]
[WhiteElo "2646"]
[BlackElo "2530"]
[PlyCount "102"]
[EventDate "2007.04.03"]
[Source "www.chesslib.no"]
[SourceDate "2004.05.04"]

1. Nf3 c5 2. c4 g6 3. d4 Bg7 4. e4 cxd4 5. Nxd4 Nc6 6. Be3 Nf6 7. Nc3 d6 8. Be2 O-O 9. O-O Bd7 10. Qd2 Nxd4 11. Bxd4 a5 12. Rfd1 Bc6 13. f3 Nd7 14. Be3 Nc5 15. b3 Qb6 16. Rab1 Qb4 17. Rdc1 a4 18. Bd1 axb3 19. axb3 Rfc8 20. Kf1 Be5 21. g3 e6 22. Nb5 Qxd2 23. Bxd2 d5 24. exd5 exd5 25. Be2 d4 26. b4 Ra2 27. bxc5 Rxd2 28. Rd1 Rxd1+ 29. Rxd1 Rd8 30. Rd3 h5 31. Na7 Ra8 32. Nxc6 bxc6 33. f4 Bf6 34. Bf3 Ra4 35. Bxc6 Rxc4 36. Be4 Rxc5 37. Rb3 Rc1+ 38. Ke2 Ra1 39. Bd5 Ra2+ 40. Kf3 Ra7 41. Rb8+ Kg7 42. Rb7 Rxb7 43. Bxb7 Bd8 44. h3 Ba5 45. Be4 f5 46. Bd3 Bd2 47. g4 fxg4+ 48. hxg4 h4 49. g5 h3 50. f5 Bxg5 51. fxg6 h2 1/2-1/2

[Event "Fraenkische GM 1st"]
[Site "Pulvermuehle"]
[Date "2000.01.18"]
[Round "6"]
[White "Gabriel, Christian"]
[Black "Ibragimov, Ildar"]
[Result "0-1"]
[WhiteElo "2564"]
[BlackElo "2611"]
[PlyCount "132"]
[EventDate "2000.01.12"]
[Source "ChessBase"]
[SourceDate "2000.04.05"]

1. e4 c5 2. Nf3 Nc6 3. d4 cxd4 4. Nxd4 g6 5. c4 Bg7 6. Be3 Nf6 7. Nc3 O-O 8. Be2 b6 9. O-O Bb7 10. f3 e6 11. Qd2 Qe7 12. Rad1 Rfd8 13. Nc2 Rac8 14. Bg5 d6 15. Kh1 Rd7 16. f4 h6 17. Bxf6 Qxf6 18. e5 Qh4 19. Bf3 Nxe5 20. fxe5 Bxe5 21. g3 Bxg3 22. Bxb7 Rxb7 23. Qg2 Be5 24. Ne3 h5 25. Rd2 Rbc7 26. Rdf2 Bxc3 27. bxc3 Kg7 28. Rf4 Qd8 29. Qf2 f5 30. Qg3 Kh7 31. R4f2 Rd7 32. Rd2 Qe7 33. Rg1 Rg8 34. Rgd1 Rgd8 35. h4 Qf6 36. Ng2 e5 37. Ne3 f4 38. Nd5 Qe6 39. Qf3 Rf8 40. Rg2 e4 41. Qf2 Rdf7 42. Kh2 f3 43. Rg5 Rf5 44. Rdg1 Qe5+ 45. Qg3 Qxg3+ 46. R5xg3 Rxd5 47. cxd5 e3 48. Rxg6 f2 49. Rg7+ Kh8 50. Re7 fxg1=Q+ 51. Kxg1 Rf3 52. Kg2 Rf2+ 53. Kg3 Rxa2 54. Rxe3 Rd2 55. c4 Rd4 56. Re6 Rg4+ 57. Kf3 Rxh4 58. Rxd6 Rxc4 59. Rd7 a5 60. d6 Rd4 61. Ke3 Rd1 62. Kf4 h4 63. Kg5 h3 64. Kg6 Rg1+ 65. Kf6 h2 66. Rd8+ Kh7 0-1

[Event "Rubinstein mem"]
[Site "Polanica Zdroj"]
[Date "1995.??.??"]
[Round "6"]
[White "Wojtkiewicz, Aleksander"]
[Black "De Firmian, Nick E"]
[Result "1-0"]
[WhiteElo "2570"]
[BlackElo "2605"]
[PlyCount "121"]
[EventDate "1995.08.??"]
[Source "ChessBase"]

1. Nf3 c5 2. c4 Nc6 3. d4 cxd4 4. Nxd4 g6 5. e4 Bg7 6. Be3 Nf6 7. Nc3 O-O 8. Be2 d6 9. O-O Bd7 10. Qd2 Nxd4 11. Bxd4 Bc6 12. f3 Nd7 13. Be3 Nc5 14. Rab1 a5 15. b3 b6 16. Rfd1 Qb8 17. Nd5 Re8 18. a3 Nd7 19. Bg5 Kf8 20. Kh1 Ra7 21. Bf1 Rb7 22. Rdc1 Nc5 23. b4 axb4 24. axb4 Nd7 25. Bxe7+ Rxe7 26. Nxe7 Kxe7 27. b5 Bxe4 28. Re1 Nc5 29. Bd3 f5 30. g3 Ra7 31. fxe4 Qa8 32. Bc2 Ra2 33. Qg2 Be5 34. Re2 f4 35. gxf4 Bxf4 36. Rf1 Ra1 37. Ref2 Rxf1+ 38. Rxf1 g5 39. e5 Qxg2+ 40. Kxg2 dxe5 41. Bxh7 Nb3 42. Bd3 Kd6 43. Rf3 Nc1 44. Bf1 e4 45. Rh3 Ke5 46. Rh6 Be3 47. Kg3 Nd3 48. Bxd3 exd3 49. Kf3 Bc5 50. Rh5 Kd4 51. Rxg5 Kxc4 52. Ke4 Kxb5 53. h4 Kc4 54. Rd5 b5 55. h5 Bf8 56. Rxd3 b4 57. Rd8 Bg7 58. Rg8 Bf6 59. Rc8+ Kb3 60. h6 Kb2 61. Kd3 1-0

[Event "Pardubice"]
[Site "Pardubice"]
[Date "1994.??.??"]
[Round "2"]
[White "Khalifman, Alexander"]
[Black "Hracek, Zbynek"]
[Result "0-1"]
[WhiteElo "2645"]
[BlackElo "2530"]
[PlyCount "140"]
[EventDate "1994.07.??"]
[Source "ChessBase"]

1. Nf3 c5 2. c4 Nc6 3. d4 cxd4 4. Nxd4 g6 5. e4 Nf6 6. Nc3 d6 7. Be2 Bg7 8. Be3 O-O 9. O-O Bd7 10. Qd2 Nxd4 11. Bxd4 Bc6 12. f3 a5 13. b3 Nd7 14. Be3 Nc5 15. Rab1 Qb6 16. Rfc1 Rfc8 17. Rc2 Qd8 18. Bf1 Be5 19. a3 Qf8 20. Nd5 Bxd5 21. exd5 Qg7 22. b4 axb4 23. axb4 Na4 24. Rb3 b6 25. Ra3 Qf8 26. Bd4 Bxd4+ 27. Qxd4 Qg7 28. Qxg7+ Kxg7 29. Rca2 b5 30. c5 Rab8 31. c6 e6 32. Rxa4 bxa4 33. Rxa4 Rc7 34. b5 Kf6 35. Ra6 exd5 36. Kf2 Ke5 37. Ke3 d4+ 38. Kd2 Kd5 39. Ra1 Kc5 40. Rc1+ Kb6 41. Kd3 Ra8 42. Kxd4 Ra2 43. Rd1 Rca7 44. h3 f5 45. Kd5 Ra1 46. Rxa1 Rxa1 47. Bc4 Rd1+ 48. Ke6 Kc7 49. f4 Rd4 50. Bd5 Rb4 51. g4 Rxb5 52. gxf5 gxf5 53. h4 h6 54. Bf3 Ra5 55. Bd5 Rc5 56. Bf3 Rb5 57. Bd5 Ra5 58. Bf3 Ra3 59. Bd5 Rd3 60. Bg2 Rd2 61. Bh1 Rh2 62. Bd5 Rxh4 63. Kxf5 h5 64. Be4 Rh2 65. Kg5 h4 66. f5 h3 67. f6 Rf2 68. Kg6 h2 69. f7 Rf1 70. Kg7 h1=Q 0-1

[Event "4th IECC"]
[Site "Istanbul"]
[Date "2003.06.01"]
[Round "3"]
[White "Ftacnik, Lubomir"]
[Black "Anastasian, Ashot"]
[Result "1/2-1/2"]
[WhiteElo "2611"]
[BlackElo "2561"]
[PlyCount "161"]
[EventDate "2003.05.30"]
[Source "Roberto Alvarez"]
[SourceDate "2003.06.23"]

1. Nf3 Nf6 2. c4 c5 3. Nc3 d6 4. d4 cxd4 5. Nxd4 g6 6. e4 Bg7 7. Be2 Nc6 8. Be3 O-O 9. O-O Bd7 10. Qd2 a6 11. f3 Rb8 12. Nxc6 Bxc6 13. b4 b6 14. Rfd1 Nd7 15. Rac1 a5 16. a3 axb4 17. axb4 Ra8 18. Bg5 Re8 19. Nd5 Ba4 20. Re1 Bc6 21. f4 Bxd5 22. cxd5 b5 23. Rc6 Qb8 24. Bh4 Ra3 25. Bf2 Rb3 26. Rec1 h5 27. Bd3 Nf6 28. h3 Qa8 29. e5 Nxd5 30. Bc2 Rxb4 31. Qxd5 Rc4 32. Bb3 Rxc1+ 33. Rxc1 Qxd5 34. Bxd5 dxe5 35. fxe5 Bxe5 36. Rc5 Bf6 37. Rxb5 Rd8 38. Kf1 e6 39. Be4 Bd4 40. Bh4 Rc8 41. Bd3 Kg7 42. Ke2 Ra8 43. Bc4 Ra7 44. Bg3 Rd7 45. Kf3 Bf6 46. Bf4 Rd4 47. Rc5 Rd7 48. Rc7 Rxc7 49. Bxc7 Bc3 50. Kf4 Kf6 51. Bd8+ Kg7 52. Ke4 f5+ 53. Kd3 Bf6 54. Bb6 Kf7 55. Bd4 Be7 56. Be5 g5 57. g3 Bd8 58. Bb3 g4 59. h4 Bf6 60. Kd4 Ke7 61. Bc4 Kf7 62. Bb5 Be7 63. Bd7 Ba3 64. Kc4 Ke7 65. Bc6 Bd6 66. Kd4 Ba3 67. Ke3 Bc1+ 68. Kd3 Ba3 69. Bb5 Bd6 70. Kd4 Ba3 71. Ke3 Bc1+ 72. Kd3 Ba3 73. Ba6 Bd6 74. Kd4 Ba3 75. Ke3 Bc1+ 76. Kd3 Kd7 77. Bb7 Ba3 78. Ba6 Bc5 79. Bb5+ Ke7 80. Bc6 Bd6 81. Kd4 1/2-1/2